Felipe I, 1506 / (Record no. 12047)

MARC details
000 -LEADER
campo de control de longitud fija 01045nam a2200277 i 4500
001 - NÚMERO DE CONTROL
campo de control 12047
003 - IDENTIFICADOR DE NÚMERO DE CONTROL
campo de control ES-MaACL
005 - FECHA Y HORA DE LA ÚLTIMA TRANSACCIÓN
campo de control 20250821043010.0
007 - CAMPO FIJO DE DESCRIPCIÓN FÍSICA--INFORMACIÓN GENERAL
campo de control de longitud fija t|
008 - DATOS DE LONGITUD FIJA--INFORMACIÓN GENERAL
campo de control de longitud fija 970204s1995 sp ||||1| spa d
020 ## - NÚMERO INTERNACIONAL ESTÁNDAR DEL LIBRO
Número Internacional Estándar del Libro 84-8173-028-9
080 ## - NÚMERO DE LA CLASIFICACIÓN DECIMAL UNIVERSAL
Número de la Clasificación Decimal Universal 929 Felipe (460.18) I
080 ## - NÚMERO DE LA CLASIFICACIÓN DECIMAL UNIVERSAL
Número de la Clasificación Decimal Universal 946.018"1478/1506"
100 1# - ENTRADA PRINCIPAL--NOMBRE DE PERSONA
Nombre de persona Pérez-Bustamante, Rogelio.
9 (RLIN) 90685
245 10 - MENCIÓN DEL TÍTULO
Título Felipe I, 1506 /
Mención de responsabilidad, etc. Rogelio Pérez-Bustamante, José Manuel Calderón Ortega.
260 ## - PUBLICACIÓN, DISTRIBUCIÓN, ETC.
Lugar de publicación, distribución, etc. Palencia :
Nombre del editor, distribuidor, etc. Diputación Provincial ;
Lugar de publicación, distribución, etc. [Burgos] :
Nombre del editor, distribuidor, etc. La Olmeda,
Fecha de publicación, distribución, etc. 1995.
300 ## - DESCRIPCIÓN FÍSICA
Extensión 348 p., [16] p. de lám. ;
Dimensiones 22 cm.
490 1# - MENCIÓN DE SERIE
Mención de serie Corona de España. I. Reyes de Castilla y León
504 ## - NOTA DE BIBLIOGRAFÍA, ETC.
Nota de bibliografía, etc. Bibliografía : p. 309-315.
600 04 - PUNTO DE ACCESO ADICIONAL DE MATERIA--NOMBRE DE PERSONA
Nombre de persona Felipe,
Títulos y otros términos asociados al nombre Rey consorte de Juana I, Reina de Castilla
9 (RLIN) 49174
651 #4 - PUNTO DE ACCESO ADICIONAL DE MATERIA--NOMBRE GEOGRÁFICO
Nombre geográfico Castilla (Reino)-
Subdivisión general Historia-
Subdivisión cronológica 1478-1506, Felipe I
9 (RLIN) 7992
700 1# - ENTRADA AGREGADA--NOMBRE PERSONAL
Nombre de persona Calderón Ortega, José Manuel.
9 (RLIN) 33624
830 00 - PUNTO DE ACCESO ADICIONAL DE SERIE-TÍTULO UNIFORME
Título uniforme Corona de España.
Nombre de parte o sección de la obra Reyes de Castilla y León
9 (RLIN) 179243
852 ## - LOCALIZACIÓN
Ubicación ES-MaACL
Número de control de estantería L-19329
Sublocalización o colección R.124713
Holdings
Estatus retirado Estado de pérdida Estado de daño No para préstamo Biblioteca de origen Biblioteca actual Ubicación en estantería Fecha de adquisición Fuente de adquisición Total de préstamos Signatura topográfica completa Código de barras Visto por última vez Precio de reemplazo Tipo de ítem Koha
        Biblioteca del Ateneo de Madrid Biblioteca del Ateneo de Madrid Depósito 2 17/01/2008     L-19329 1012275 23/02/2023 23/02/2023 Libro impreso